=LDR 00000nam 2200000 4500 =001 NUTBA000000000004799 =005 20141004114213.0 =006 =007 =008 =035 ##$$a 0010-101400000000029 =082 ##$$a 2x0 =100 ##$$a nurcholish madjid =245 ##$$a khazanah intelektual islam =250 ##$$a cet 3 =260 ##$$a jakarta $b PT..bulan bintang $c 1994 =300 ##$$a 392 hlm $c 21 cm =990 ##$$a 0001/BPAP-NTB/20142014